000 00608nam a2200253Ia 4500
008 181129s9999 xx 000 0 und d
020 _a9780544340640
050 _bL921 2000
100 _aLowry, Lois
245 0 _aGathering blue /
245 0 _cby Lois Lowry.
260 _aNew York, NY :
260 _bHughton Mifflin Harcourt,
260 _c2000
300 _a183 pages :
300 _billustrations ;
300 _c20cm.
650 _aDystopias.
650 _aOrphans.
650 _aPeople with disabilities.
650 _aSocial control.
650 _aWeavers.
700 _aTitle.
999 _c360132
_d360132